1598 1394 1267 1471 1596 1729 1803 2000 1449 1152 1957 1762 1670 1999 1725 1086 1529 1590 1726 1192 1728 1152 1975 1782 1857 1300 1671 1178 1068 1195 1017 1115 1762 1343 1768 1810 1456 1025 1113 1853 1741 1784 1216 1753 1138 1077 1228 1703 1899 1478 1581 1161 1249 1467 1995 1332 1473 1147 1077 1974 1847 1371 1244 1065 1119 1810 1831 1737 1158 1442 1523 1888 1890 1686 1935 1183 1711 1857 1629 1098 1466 1448 1879 1376 1387 1189 1592 1907 1112 1449 1252 1828 1187 1919 1607 1564 1924 1369 1196 BCNSPRNW ULIB Ver.6.0+V

เปลี่ยนเป็นภาษาไทย

Change to English
 แสดงรายละเอียดบรรณานุกรม
  กลับหน้าหลัก

Brief Record : Get Marc (ISO 2709) : E-mail record : QR code < ปิดหน้าต่าง
LEADER : 00000nam 2200000uu 4500
001    13399114308
003     ULIB
008    120321s2550||||th 000 0 tha d
020    ^a9789748290232
090    ^aนว.^bส935ห 2550
100 0  ^aแสตมป์เบอรี่
245 00 ^alove land หัวใจกิ๊กกั๊กคู่รักอลเวง/^cแสตมป์เบอรี่
250    ^aพิมพ์ครั้งที่ 1
260    ^aกรุงเทพฯ :^bแจ่มใส,^c2550
300    ^a229 หน้า
710 1  ^aแจ่มใส
945    ^p169^l0^i14448
995    ^aกัณชพร
999    ^aใช้งานได้ทุกระบบ
รายการนี้ยังไม่มีแท็ก
คุณยังไม่ได้ล็อกอิน คุณสามารถมีกิจกรรมร่วมกับเว็บไซต์ได้ แต่ต้องล็อกอินก่อน ::
  ล็อกอิน

รายการสื่อสารสนเทศ

ลำดับที่ ประเภท เลขเรียก/บาร์โค้ด สถานที่ สถานะ
1. นวนิยาย
นวนิยาย
นว. ส935ห 2550  
  Barcode: 14448
ห้องสมุดวิทยาเขตสวรรค์ประชารักษ์
►นวนิยาย
บนชั้น
  ขอยืม

รายการใกล้เคียง
    ผู้แต่ง [แสตมป์เบอรี่]

BibComment


ยังไม่เคยถูกคอมเมนท์

คอมเมนท์ทรัพยากรรายการนี้
  คอมเมนท์: love land หัวใจก..


 Copyright 2026. Bcnsprnw @Library